Normal view
MARC view
- Wahl, Mats,
Entry Nombre Personal
001 - NUMERO DE CONTROL
- campo de control: 43338
003 - IDENTIFICADOR DE NUMERO DE CONTROL
- campo de control: UPN
005 - FECHA Y HORA DE LA ÜLTIMA TRANSACCIÓN
- campo de control: 20220527184201.0
008 - DATOS DE LONGITUD FIJA
- campo de control de longitud fija: 210902|| aca||aabn | a|a d
040 ## - FUENTE DE CATALOGACIÓN
- Agencia original de catalogación: UPN
053 #4 - NÚMERO DE CLASIFICACIÓN LC
- Número de clasificación elemento-número único o número inicial de tramo: PT9876.33 A4.4
100 1# - ENCABEZAMIENTO - NOMBRE PERSONAL
- Nombre personal: Wahl, Mats,
- Fechas asociadas con el nombre: 1945-
670 ## - FUENTE EN LA QUE SE LOCALIZARON DATOS
- Cita de la fuente: LC
680 ## - NOTA PUBLICA DE ACCESO PÚBLICO
- Encabezamiento o subdivisión: Novelista sueco
902 ## - CATALOGADOR
- Catalogador: CAA/020921
